Countries where Arabic is an Official Language - Statistics

General Stats
  • This quiz has been taken 28 times
  • The average score is 22 of 23
Answer Stats
Location Country % Correct
Asia Iraq
100%
Asia Kuwait
100%
Asia Lebanon
100%
Africa Morocco
100%
Asia Oman
100%
Asia Qatar
100%
Asia Yemen
100%
Asia Bahrain
96%
Africa Egypt
96%
Asia Jordan
96%
Africa Libya
96%
Africa Algeria
93%
Asia Saudi Arabia
93%
Africa Somalia
93%
Africa Sudan
93%
Asia Syria
93%
Africa Tunisia
93%
Africa Chad
89%
Africa Mali
89%
Asia United Arab Emirates
89%
Africa Djibouti
86%
Africa Mauritania
86%
Africa Comoros
79%
No matching quizzes found
Score Distribution
Percent of People with Each Score
Percentile by Number Answered
Your Score History
You have not taken this quiz